| 000 | 00678nam a2200253Ia 4500 | ||
|---|---|---|---|
| 003 | OSt | ||
| 005 | 20221007101027.0 | ||
| 006 | a|||||r|||| 00| 0 | ||
| 007 | ta | ||
| 008 | 221006b |||||||| |||| 00| 0 eng d | ||
| 024 | _a5,699 | ||
| 037 | _cTextual | ||
| 040 |
_aLCO _cLCO _beng |
||
| 041 |
_2eng _aeng |
||
| 082 | _aZ2,5:f, K8.2 | ||
| 100 |
_aDEB R _9684872 |
||
| 245 | 0 | _aPrinciples of Criminology , Criminal Law & Investigation | |
| 260 |
_aCalcutta _bS.C.Sarkar & Sons _c1972 |
||
| 300 | _a1050 | ||
| 490 | _vVol-2 | ||
| 650 |
_aCRIMINAL LAW _9601958 |
||
| 942 |
_hZ2,5:f, K8.2 _cTEXL |
||
| 999 |
_c1175262 _d1175262 |
||